00867nam a2200289Ia 4500003001000000005001700010007000300027008004100030020001500071040003500086041000800121082001500129100003700144245004500181250002200226264004900248300002500297336002700322337003300349338002800382490001200410650004600422650003400468650004600502942001200548999001700560CO-BoRNBP20240222130132.0ta121119s1997 mx gr 000 e spa  a9589093876 aCO-BoRNBPbspaerdacCO-BoRNBP0 aspa04a809 bR29E1 aReyes, Alfonsod1889-195994145213aLa experiencia literaria cAlfonso Reyes aTercera edición aMéxicobFondo de Cultura Económicac1997 a221 páginasc21 cm atextobtxt2rdacontent asin mediaciónbn2rdamedia avolumenbnc2rdacarrier0 aPopular14aLiteratura mexicana ySiglo XX2LEMB941214aCritica literaria2LEMB9412314aEnsayos mexicanos ySiglo XX2LEMB941453 2ddccBK c38145d38145